00311nam a2200121Ia 4500008004100000041000800041082001400049100002000063245002800083260004500111300002400156365000900180240624s9999 xx 000 0 und d aeng a332.6 FAB aFABOZZI FRANK J aMANAGING MBS PORTFOLIOS c1998aPennesylvaniabJohn Wiley and Sons a228 : p. : cm. ; 24 cb30